Men's health (Record no. 4124)
[ view plain ]
| 000 -LEADER | |
|---|---|
| fixed length control field | 00546nam a22002057a 4500 |
| 003 - CONTROL NUMBER IDENTIFIER | |
| control field | OSt |
| 005 - DATE AND TIME OF LATEST TRANSACTION | |
| control field | 20160523152439.0 |
| 008 - FIXED-LENGTH DATA ELEMENTS--GENERAL INFORMATION | |
| fixed length control field | 160523b xxu||||| |||| 00| 0 eng d |
| 020 ## - INTERNATIONAL STANDARD BOOK NUMBER | |
| International Standard Book Number | 1899066926 |
| 040 ## - CATALOGING SOURCE | |
| Transcribing agency | DNLM |
| 082 ## - DEWEY DECIMAL CLASSIFICATION NUMBER | |
| Classification number | QT275 M52r 1999 |
| 100 ## - MAIN ENTRY--PERSONAL NAME | |
| Personal name | Edited by Roger S. Kirby; Micael G. Kirby |
| 9 (RLIN) | 8895 |
| 245 ## - TITLE STATEMENT | |
| Title | Men's health |
| 260 ## - PUBLICATION, DISTRIBUTION, ETC. (IMPRINT) | |
| Place of publication, distribution, etc. | UK; Isis Medical Media, 1999 |
| 300 ## - PHYSICAL DESCRIPTION | |
| Extent | xiii,254p; col.ill: 28cm |
| 504 ## - BIBLIOGRAPHY, ETC. NOTE | |
| Bibliography, etc | References, & index inluded |
| 650 ## - SUBJECT ADDED ENTRY--TOPICAL TERM | |
| Topical term or geographic name as entry element | Men's health |
| 9 (RLIN) | 8896 |
| 650 ## - SUBJECT ADDED ENTRY--TOPICAL TERM | |
| Topical term or geographic name as entry element | Obstetrics |
| 9 (RLIN) | 5 |
| 942 ## - ADDED ENTRY ELEMENTS (KOHA) | |
| Source of classification or shelving scheme | Other/Generic Classification Scheme |
| Koha item type | Open Shelf |
| Withdrawn status | Lost status | Source of classification or shelving scheme | Damaged status | Not for loan | Home library | Current library | Date acquired | Source of acquisition | Inventory number | Total Checkouts | Full call number | Barcode | Date last seen | Koha item type |
|---|---|---|---|---|---|---|---|---|---|---|---|---|---|---|
| Other/Generic Classification Scheme | MUST Main Library | MUST Main Library | 23/05/2016 | 09/31698 | WQ100 M52r 1999 | 2016-2071 | 23/05/2016 | Open Shelf | ||||||
| Other/Generic Classification Scheme | MUST Main Library | MUST Main Library | 18/07/2016 | 09/31355 | WQ100 M52r 1999 | 2016-3274 | 18/07/2016 | Open Shelf | ||||||
| Other/Generic Classification Scheme | MUST Main Library | MUST Main Library | 28/10/2016 | 10/32211 | WQ100 M52r 1999 | 28/10/2016 | Open Shelf |
